Solar realities (Record no. 1328)

MARC details
000 -LEADER
fixed length control field 01120cab a2200193 4500
001 - CONTROL NUMBER
control field ABS37083
008 - FIXED-LENGTH DATA ELEMENTS--GENERAL INFORMATION
fixed length control field 090401t1986 xxu||||| |||| 00| 0 eng d
035 ## - SYSTEM CONTROL NUMBER
System control number (Sirsi) u2199
041 ## - LANGUAGE CODE
Language code of text/sound track or separate title eng
100 ## - MAIN ENTRY--PERSONAL NAME
Personal name Ashley, S.
245 ## - TITLE STATEMENT
Title Solar realities
260 ## - PUBLICATION, DISTRIBUTION, ETC.
Date of publication, distribution, etc. 1986
350 ## - PRICE (NR) (BK AM CF MU VM SE) [OBSOLETE]
Price 0
490 ## - SERIES STATEMENT
Series statement Building Services
Volume/sequential designation 8 (11) November 1986 32-33(2)
520 ## - SUMMARY, ETC.
Summary, etc. Describes the use of passive solar energy in building design, by looking at the three key areas of shelter and orientation, thermal mass and ventilation. Explains the advantages and disadvantages of each. Goes on to note the requirements for an energy conserving atrium . Reviews an idea for the future whereby cladding systems could be incorporated with passive solar energy heating components and includes a section on solar collection which is best done in an evacuated space. Heat can then be transmitted by heat pipes. Explains how a product by Thermomax works. Thermomax is one of the companies producing high technology evacuated solar collector tubes .
690 ## - LOCAL SUBJECT ADDED ENTRY--TOPICAL TERM (OCLC, RLIN)
Topical term or geographic name as entry element ENVIRONMENTAL AND LAND CONSULTANCY-ENERGY
942 ## - ADDED ENTRY ELEMENTS (KOHA)
Suppress in OPAC 0
948 ## - LOCAL PROCESSING INFORMATION (OCLC); SERIES PART DESIGNATOR (RLIN)
c (OCLC) 04/03/1997
Holdings
Withdrawn status Lost status Source of classification or shelving scheme Damaged status Not for loan Home library Current library Shelving location Date acquired Total Checkouts Full call number Barcode Date last seen Copy number Price effective from Koha item type
    Dewey Decimal Classification     London London Journal article 14/09/1999   ABS37083 2199-1001 06/08/2019 1 06/08/2019 Journal article